Current Events - U.S. | 2 | 20.00 | 100% | 50% | 50% |
Current Events - World | 2 | 10.00 | 100% | 0% | 0% |
Fine Arts - Architecture | 1 | 10.00 | 100% | 0% | 0% |
Fine Arts - Miscellaneous | 2 | 5.00 | 50% | 0% | 0% |
Fine Arts - Music | 8 | 10.00 | 75% | 13% | 13% |
Fine Arts - Opera | 1 | 10.00 | 100% | 0% | 0% |
Fine Arts - Painting | 3 | 6.67 | 33% | 0% | 33% |
Fine Arts - Photography | 2 | 10.00 | 100% | 0% | 0% |
Fine Arts - Sculpture | 1 | 0.00 | 0% | 0% | 0% |
History - American | 3 | 10.00 | 100% | 0% | 0% |
History - Cross, Historiography, and Miscellaneous | 3 | 16.67 | 67% | 67% | 33% |
History - European | 5 | 8.00 | 60% | 20% | 0% |
History - World | 3 | 13.33 | 100% | 33% | 0% |
Literature - American | 5 | 10.00 | 80% | 20% | 0% |
Literature - British | 7 | 8.57 | 71% | 14% | 0% |
Literature - European | 4 | 7.50 | 50% | 25% | 0% |
Literature - World and Miscellaneous | 4 | 5.00 | 50% | 0% | 0% |
Other - Other Academic and General Knowledge | 2 | 10.00 | 100% | 0% | 0% |
RMP - Buddhism | 1 | 20.00 | 100% | 100% | 0% |
RMP - Christian Practice | 1 | 20.00 | 100% | 100% | 0% |
RMP - Greco-Roman Mythology | 1 | 20.00 | 100% | 100% | 0% |
RMP - Hebrew Bible | 1 | 10.00 | 100% | 0% | 0% |
RMP - Islam | 1 | 10.00 | 100% | 0% | 0% |
RMP - New Testament | 1 | 10.00 | 100% | 0% | 0% |
RMP - Other Religion | 1 | 0.00 | 0% | 0% | 0% |
RMP - Philosophy | 1 | 10.00 | 100% | 0% | 0% |
RMP - World Mythology | 5 | 14.00 | 100% | 0% | 40% |
Science - Astronomy | 3 | 16.67 | 100% | 67% | 0% |
Science - Biology | 6 | 15.00 | 100% | 50% | 0% |
Science - Chemistry | 4 | 12.50 | 100% | 25% | 0% |
Science - Computer Science | 1 | 0.00 | 0% | 0% | 0% |
Science - Earth | 2 | 15.00 | 100% | 50% | 0% |
Science - Engineering and Miscellaneous | 2 | 10.00 | 100% | 0% | 0% |
Science - Physics | 10 | 11.00 | 80% | 30% | 0% |
Social Science - Anthropology | 1 | 20.00 | 100% | 100% | 0% |
Social Science - Economics | 2 | 10.00 | 100% | 0% | 0% |
Social Science - Sociology | 1 | 20.00 | 100% | 100% | 0% |